| 000 | 00399 a2200157 4500 | ||
|---|---|---|---|
| 999 |
_c298340 _d298340 |
||
| 001 | 63267 | ||
| 003 | NUST | ||
| 005 | 20190117065844.0 | ||
| 038 | _aArshad | ||
| 082 |
_a297.1225 _bWAH |
||
| 100 |
_aGp Capt (R) Abdul Waheed Khan _913051 |
||
| 245 | _aQuraan Majeed Para No 30(AMMA) | ||
| 260 |
_aPakistan _bGp Capt (R) Abdul Waheed Khan |
||
| 300 | _a77p | ||
| 942 |
_aCAE NUST _k297.1225 WAH _2ddc _cBK |
||